000 00874nam a22002537a 4500
001 8000
003 FISKH
005 20250818141026.0
008 250818b cb ||||| |||| 00| 0 eng d
020 _a0870448285
040 _aFISKH
_beng
_cFISKH
_dFISKH
050 _aF788 .F52
082 _a917.91
100 _aFishbein, Seymour L.
245 _aGrand Canyon country :
_bIts majesty and its lore /
_cBy Seymour L. Fishbein
260 _aWashington, D.C.
_bNational Geographic Society ,
_c1991.
300 _a200 pages :
_bcolor illustrations , maps ;
_c27 cm .
520 _aAuthor's memoir of his exploration of the Grand Canyon chronicling its history and the people who inhabit the area.
650 _aGrand Canyon National Park
_vNon-fiction
650 _aArizona
_vNon-fiction
700 _aBean, Tom
_ePhotographer
942 _2ddc
_cBK
_n0
999 _c8000
_d8000